| 000 | 00403nam a2200157Ia 4500 | ||
|---|---|---|---|
| 008 | 151213s9999 xx 000 0 und d | ||
| 100 | _aCharles Dickens | ||
| 245 |
_aOur Mutual Friend _cCharles Dickens |
||
| 250 | _a1st | ||
| 260 |
_aLondon _bChapman and Hall _c1911 |
||
| 300 | _a5249 p. | ||
| 650 | _aEnglish Literature | ||
| 650 | _aEnglish Literature | ||
| 700 | _aCharles Dickens | ||
| 999 |
_c3241 _d3241 |
||